000 00311nam a22001457a 4500
008 210309b ||||| |||| 00| 0 eng d
020 _a9780415107174
041 _aeng
080 _a94
082 _a94
100 _a16
101 _aHIS
245 _aVisions of Suburbia
_cSilverstone, R
942 _2udc
_cBK
999 _c56072
_d56072